|
|
|
|
| LEADER |
00000nam0a2200000 4500 |
| 001 |
306831 |
| 005 |
20231102001931.0 |
| 010 |
|
|
|a 9785913263056
|
| 035 |
|
|
|a (RuTPU)RU\TPU\book\332108
|
| 090 |
|
|
|a 306831
|
| 100 |
|
|
|a 20151012d2015 k y0rusy5002 ca
|
| 101 |
0 |
|
|a rus
|
| 102 |
|
|
|a RU
|
| 105 |
|
|
|a a j 011zy
|
| 200 |
1 |
|
|a Симметрия и псевдосимметрия кристалов
|f Е. В. Чупрунов
|g Нижегородский государственный университет им. Н. И. Лобачевского (ННГУ)
|
| 210 |
|
|
|a Нижний Новгород
|c Изд-во ННГУ
|d 2015
|
| 215 |
|
|
|a 659 с.
|c ил.
|
| 320 |
|
|
|a Библиография: с. 525-534.
|
| 320 |
|
|
|a Предметный указатель: с. 647-652.
|
| 330 |
|
|
|a Книга содержит описание групп классической симметрии кристаллов, а также псевдосимметрии — повышения симметрии отдельных структурных фрагментов по отношению к группе симметрии атомной структуры кристалла в целом.Для научных сотрудников, студентов старших курсов и аспирантов, специализирующихся в области кристаллографии, кристаллохимии и физики кристаллов. Книга также представляет интерес для широкого круга специалистов в различных областях естествознания, применяющих понятия симметрии и диссиммет-рии в научной и педагогической практике.
|
| 606 |
1 |
|
|a Кристаллы
|x Симметрия
|2 stltpush
|3 (RuTPU)RU\TPU\subj\16393
|9 42457
|
| 610 |
1 |
|
|a псевдосимметрия
|
| 610 |
1 |
|
|a кристаллические решетки
|
| 610 |
1 |
|
|a теория групп
|
| 610 |
1 |
|
|a классические группы
|
| 610 |
1 |
|
|a точечные группы
|
| 610 |
1 |
|
|a малые группы
|
| 610 |
1 |
|
|a пространственные группы
|
| 610 |
1 |
|
|a атомные структуры
|
| 610 |
1 |
|
|a кристаллографические группы
|
| 610 |
1 |
|
|a орбиты
|
| 610 |
1 |
|
|a физические свойства
|
| 675 |
|
|
|a 548.12
|v 3
|z rus
|
| 700 |
|
1 |
|a Чупрунов
|b Е. В.
|g Евгений Владимирович
|
| 712 |
0 |
2 |
|a Нижегородский государственный университет им. Н. И. Лобачевского (ННГУ)
|2 stltpush
|3 (RuTPU)RU\TPU\col\292
|
| 801 |
|
0 |
|a RU
|b 63413507
|c 20041109
|g PSBO
|
| 801 |
|
2 |
|a RU
|b 63413507
|c 20151112
|g RCR
|
| 900 |
|
|
|a Кристаллография
|
| 942 |
|
|
|c BK
|